Top 10 Causes of Death in America (2008) Quiz Stats

 Plays Quiz not verified by Sporcle

Also try: Mini-Minefields II
Challenge
Share
Tweet
Embed
Score 0/10 Timer 03:00
0 Plays Today
Percent Cause of Death % Correct
22.8%Cancer
94.7%
28.5%Heart Disease
72.8%
4.4%Accidents (unintentional)
64.4%
6.7%Cerebrovascular Disease (stroke)
46.7%
3.0%Diabetes
30.7%
2.7%Influenza/Pneumonia
23.9%
5.1%Chronic Lower Respiratory Disease
18.3%
2.4%Alzheimer's
15.4%
1.7%Liver Disease
12.8%
1.4%Septicema
1.8%

You're not logged in!

Compare scores with friends on all Sporcle quizzes.
Join for Free
OR
Log In

You Might Also Like...

Show Comments

Extras

Created Dec 16, 2009ReportNominate
Tags:2008, America, cause, death, percent

Top Quizzes Today


Score Distribution

Your Account Isn't Verified!

In order to create a playlist on Sporcle, you need to verify the email address you used during registration. Go to your Sporcle Settings to finish the process.

Report this User

Report this user for behavior that violates our Community Guidelines.

Details: